00731nam a2200157 a 4500008004100000020001500041041000800056100002100064245004500085250001100130260004000141300001100181500008900192505028000281655001200561161215t2001 ag |||g |||| 00| 1 spa d a9500718219 aspa1 aBenedetti, Mario 3aLa casa y el ladrillo /cMario Benedetti a3a ed. aBuenos Aires:bSudamericana;c2001. a153 p. aBenedetti, M. (2001). La casa y el ladrillo. (3a ed.). Buenos Aires : Sudamericana.  a"Me parezco al que llevaba el ladrillo consigo para mostrar al mundo cómo era su casa" - Bertolt Brecht-. Las palabras de Brencht dan título a esta maravillosa antología de poemas de Benedetti, algunos de los cuales ya entraron en la memoria colectiva de los lectores.  aCuentos